Radiohead Lyrics - No Hints #13 - Statistics

General Stats
  • This quiz has been taken 86 times
  • The average score is 59 of 179
Answer Stats
Answer % Correct
I
93%
a
92%
you
87%
The
75%
the
75%
and
67%
do
62%
to
55%
In
53%
in
53%
no
53%
it
52%
We
50%
on
48%
me
47%
of
45%
not
43%
is
42%
Is
42%
where
42%
what
38%
What
38%
that
35%
You're
33%
I'm
28%
For
27%
from
27%
get
27%
off
25%
But
23%
but
23%
It's
23%
love
23%
Like
22%
feel
20%
got
20%
again
18%
Wakey
17%
wakey
17%
fall
15%
Rise
15%
shine
15%
had
13%
pretty
13%
up
13%
dominoes
12%
head
12%
into
12%
patterns
12%
real
12%
reason
12%
take
12%
thought
12%
Watch
12%
enough
10%
enough,
10%
There's
10%
Dead
8%
Exactly
8%
sensible
8%
stuff
8%
You've
8%
blackbird
7%
bottles
7%
butter
7%
Fingers
7%
full
7%
guess
7%
melt
7%
ought
7%
pie
7%
Plastic
7%
Reasonable
7%
stuffed,
7%
stuffed
7%
that's
7%
Tumbling
7%
tumbling
7%
bags
5%
bow
5%
Duplicate
5%
duplicate
5%
elephant
5%
empty
5%
feathers
5%
neck
5%
room
5%
Squeeze
5%
tingling
5%
triplicate
5%
gonna
3%
tubes
3%
No matching quizzes found
Score Distribution
Percent of People with Each Score
Percentile by Number Answered
Your Score History
You have not taken this quiz